00847nam a2200193 a 450000100100000000500170001000800410002704000250006810000270009324501070012026000380022730000210026550000730028670000310035970000300039095201050042095201110052599900170063600003690320200930080017.0120203s1972 ag 000 0 spa d aDO-SdBNPbspacBNPHU1 aFink, Arthur E.96329310aCampos de aplicación del servicio/ social /cArthur E. Fink , C. Wilson Anderson, Merril B. Conover. aBuenos Aires :bHvmanitas,c1972. a494 p. ;c23 cm. aIncluye referencias bibliográficas y notas al pie de las páginas12aAnderson, C. Wilson96329412aConover, Merril B.963295 001050718MOaGRbGRcCTd2012-02-03iLF1l0o p36903-10r2020-06-25w2020-06-25y1ZNo se presta 001050718MOaGRbGRcCTd2012-02-03iLF1l0o p36903-20r2020-06-25te. 2w2020-06-25y1ZNo se presta c36393d36393